| 000 | 00439nam a2200133Ia 4500 | ||
|---|---|---|---|
| 008 | 220217s9999 xx 000 0 und d | ||
| 245 | 0 | _aMethods of test for vulcanized rubbers. Part I. Tensile stress-strain properties (Third Revision). | |
| 260 | _c1977 | ||
| 500 | _aStandard number: IS 3400 Part I:2012 ISO 37: 2011 | ||
| 650 | _aStress strain properties | ||
| 650 | _aTensile properties | ||
| 650 | _aVulcanized rubber | ||
| 942 | _cST | ||
| 999 |
_c73670 _d73670 |
||